Airlines by IATA Code - Statistics

General Stats
  • This quiz has been taken 484 times
    287 since last reset
  • The average score is 41 of 96
Answer Stats
Hint Answer % Correct
Europe BA British Airways
81%
Asia EK Emirates
81%
Europe AF Air France
80%
North America AA American Airlines
80%
Europe LH Lufthansa
79%
North America DL Delta Airlines
78%
Asia CA Air China
77%
Oceania QF Qantas
76%
Europe KL KLM Royal Dutch Airlines
73%
North America AC Air Canada
70%
Oceania NZ Air New Zealand
70%
Europe IB Iberia
70%
North America UA United Airlines
70%
Asia QR Qatar Airways
68%
Asia JL Japan Airlines
66%
Asia TK Turkish Airlines
66%
Asia CX Cathay Pacific
64%
Asia SQ Singapore Airlines
64%
Asia EY Etihad Airways
62%
Africa ET Ethiopian Airlines
61%
Europe AY Finnair
61%
Europe LX Swiss International Air Lines
61%
Europe TP TAP Portugal
61%
South America LA LATAM Chile
60%
Asia KE Korean Air
59%
Asia MH Malaysia Airlines
58%
Asia NH All Nippon Airways
57%
Oceania FJ Fiji Airways
57%
Africa SA South African Airways
57%
Asia AI Air India
56%
Asia TG Thai Airways
56%
North America HA Hawaiian Airlines
54%
Europe AZ** ITA Airways (Alitalia)
53%
South America AV Avianca
52%
Asia CZ China Southern Airlines
52%
Europe SU Aeroflot
51%
North America AS Alaska Airlines
51%
Europe OS Austrian Airlines
51%
North America WN Southwest Airlines
50%
Europe SK Scandinavian Air Systems
49%
Europe EI Aer Lingus
47%
Asia VN Vietnam Airlines
47%
Europe VS Virgin Atlantic
47%
Asia CI China Airlines
46%
Africa KQ Kenya Airways
46%
Europe LO LOT Polish Airlines
45%
North America AM AeroMexico
44%
North America NW* Northwest Airlines
43%
Asia LY El Al Israel Airlines
42%
Asia GF Gulf Air
42%
Asia GA Garuda Indonesia
41%
Africa MS EgyptAir
40%
Asia PR Philippine Airlines
40%
Europe A3 Aegean Airlines
39%
Asia PK Pakistan International Airlines
39%
Asia RJ Royal Jordanian
39%
South America AR Aerolineas Argentinas
37%
Asia AK AirAsia
36%
Asia OZ Asiana Airlines
36%
Oceania VA** Virgin Australia (Virgin Blue)
36%
Africa AT Royal Air Maroc
35%
Asia KU Kuwait Airways
34%
North America WS WestJet
34%
North America PA* Pan American World Airways
32%
Europe RO TAROM
32%
Asia HU Hainan Airlines
31%
Oceania JQ Jetstar
29%
Asia WY Oman Air
28%
Europe JU Air Serbia
27%
Europe FI Icelandair
27%
Asia MU China Eastern Airlines
24%
Asia BI Royal Brunei Airlines
24%
Asia TR Scoot
23%
Asia UL SriLankan Airlines
23%
North America VX* Virgin America
23%
Asia MF XiamenAir
23%
Africa MK Air Mauritius
21%
Oceania NF Air Vanuatu
18%
Asia 3U Sichuan Airlines
18%
Oceania TN Air Tahiti Nui
16%
Europe OU Croatia Airlines
15%
Asia ZH Shenzhen Airlines
14%
Asia D7 AirAsia X
13%
Asia ID Batik Air
13%
Oceania AN* Ansett Australia
12%
Asia SV** Saudia (Saudi Arabian Airlines)
10%
Oceania SN** Air Caledonie International (Aircalin)
9%
Asia KA* Cathay Dragon
9%
Oceania ZL Regional Express Airlines
9%
Asia MI* SilkAir
9%
Europe LM Loganair
8%
Asia OD Malindo Air
8%
Asia QZ Indonesia AirAsia
7%
Europe SR* Swissair
7%
Asia I5 AirAsia India
5%
Asia DJ AirAsia Japan
3%
No matching quizzes found
Score Distribution
Percent of People with Each Score
Percentile by Number Answered
Your Score History
You have not taken this quiz since the last reset